[Event "EU Union-ch U12"]
[Site "Kouty nad Desnou"]
[Date "2014.08.27"]
[Round "1"]
[White "Tomczak, Marta"]
[Black "Ferkova, Dominika"]
[Result "1/2-1/2"]
[WhiteElo "1293"]
[BlackElo "1687"]
[PlyCount "100"]
[EventDate "2014.08.27"]
[EventType "swiss"]
[EventRounds "9"]
[EventCountry "CZE"]
[SourceTitle "CBM 162 Extra"]
[Source "ChessBase"]
[SourceDate "2014.10.17"]
[SourceVersion "1"]
[SourceVersionDate "2014.10.17"]
[SourceQuality "1"]

1. e4 e5 2. Nf3 Nc6 3. Bb5 a6 4. Ba4 Nf6 5. 0-0 Be7 6. Re1 b5 7. Bb3 0-0 8. c3 d6 9. h3 Na5 10. Bc2 c5 11. d4 Qc7 12. Nbd2 Bd7 13. Nf1 Rfc8 14. Ne3 cxd4 15. cxd4 Nc6 16. Bb3 Na5 17. Nd5 Nxd5 18. Bxd5 Bc6 19. dxe5 dxe5 20. Bxc6 Nxc6 21. Be3 Rd8 22. Qc2 Rac8 23. Rac1 Qb7 24. Qe2 Nb4 25. Rxc8 Rxc8 26. a3 Nc2 27. Rc1 Nxe3 28. Rxc8+ Qxc8 29. Qxe3 Qc7 30. b4 h6 31. Qd3 Bf6 32. Qe3 Qc2 33. Kh2 Qb2 34. Kg1 Qb1+ 35. Kh2 Qb2 36. Kg1 Qc2 37. Kh2 Qc7 38. Kg1 Be7 39. Qe1 Bd6 40. Kh1 Kh7 41. Kg1 a5 42. Qb1 axb4 43. axb4 Qe7 44. Qd3 Bxb4 45. Qxb5 Bc5 46. Qb2 Bd6 47. Qc2 Qc7 48. Qb2 Qc4 49. Nxe5 Qxe4 50. Nf3 f6 1/2-1/2

[Event "POL-chT U19 2nd League"]
[Site "Szczyrk"]
[Date "2014.07.31"]
[Round "9.24"]
[White "Trusz, Julia"]
[Black "Tomczak, Marta"]
[Result "1-0"]
[WhiteElo "1508"]
[BlackElo "1293"]
[PlyCount "125"]
[EventDate "2014.07.25"]
[EventType "team-swiss"]
[EventRounds "11"]
[EventCountry "POL"]
[SourceTitle "EXT 2015"]
[Source "ChessBase"]
[SourceDate "2014.11.20"]
[SourceVersion "1"]
[SourceVersionDate "2014.11.20"]
[SourceQuality "1"]
[WhiteTeam "Opole Rodlo U19 II"]
[BlackTeam "Leszno Wieniawa U19"]
[WhiteTeamCountry "POL"]
[BlackTeamCountry "POL"]

1. e4 c5 2. Nf3 Nc6 3. d4 cxd4 4. Nxd4 Nf6 5. Nc3 e5 6. Ndb5 a6 7. Nd6+ Bxd6 8. Qxd6 Qe7 9. Qxe7+ Nxe7 10. Bg5 Nfg8 11. Bxe7 Nxe7 12. Bc4 b5 13. Bd5 Nxd5 14. Nxd5 Kd8 15. 0-0-0 Ra7 16. Rd2 Bb7 17. Rhd1 Bxd5 18. Rxd5 f6 19. Rd6 Ke7 20. Rb6 h6 21. c3 Kf7 22. Kc2 Rc8 23. Rdd6 Rc4 24. Rxa6 Rxa6 25. Rxa6 Rxe4 26. Kd3 Rc4 27. Ra5 Ra4 28. Rxb5 Rxa2 29. Kc2 Ra1 30. Rd5 Ke7 31. f3 Rh1 32. h3 Rg1 33. Rd2 Ke6 34. c4 Ra1 35. Kc3 Ra6 36. b4 Rd6 37. Re2 Rb6 38. b5 d5 39. cxd5+ Kxd5 40. Kb4 f5 41. Ka5 Rb8 42. Ka6 Ra8+ 43. Kb7 Ra5 44. b6 Rb5 45. Ka7 Ra5+ 46. Kb8 Rb5 47. b7 Rb1 48. Rc2 Kd6 49. Kc8 e4 50. fxe4 fxe4 51. b8Q+ Rxb8+ 52. Kxb8 Kd5 53. Kc7 Kd4 54. Kd6 e3 55. Ke6 Kd3 56. Ra2 e2 57. Ra1 Kd2 58. Kf7 g5 59. Kg6 e1Q 60. Rxe1 Kxe1 61. Kxh6 Kf2 62. g4 Kg3 63. Kxg5 1-0

[Event "POL-chT U19 2nd League"]
[Site "Szczyrk"]
[Date "2014.07.28"]
[Round "5.12"]
[White "Stebel, Agata"]
[Black "Tomczak, Marta"]
[Result "1-0"]
[WhiteElo "1616"]
[BlackElo "1293"]
[PlyCount "59"]
[EventDate "2014.07.25"]
[EventType "team-swiss"]
[EventRounds "11"]
[EventCountry "POL"]
[SourceTitle "EXT 2015"]
[Source "ChessBase"]
[SourceDate "2014.11.20"]
[SourceVersion "1"]
[SourceVersionDate "2014.11.20"]
[SourceQuality "1"]
[WhiteTeam "Rydultowy Ognisko U19"]
[BlackTeam "Leszno Wieniawa U19"]
[WhiteTeamCountry "POL"]
[BlackTeamCountry "POL"]

1. e4 c5 2. c3 d5 3. exd5 Qxd5 4. d4 Nf6 5. Nf3 e6 6. Be2 Nc6 7. 0-0 cxd4 8. cxd4 Be7 9. Nc3 Qd6 10. Be3 0-0 11. a3 a6 12. Na4 Qc7 13. Rc1 b6 14. Ne5 Bb7 15. Bf3 Nd5 16. Bxd5 exd5 17. Qf3 Rad8 18. Rc3 Rd6 19. Rfc1 h6 20. Bf4 b5 21. Nxc6 Bxc6 22. Bxd6 Bxd6 23. Rxc6 Qe7 24. Nb6 Re8 25. g3 Qg5 26. Qxd5 Qd2 27. Rc8 Rxc8 28. Rxc8+ Kh7 29. Qf5+ g6 30. Qxf7# 1-0

[Event "EU Union-ch U10"]
[Site "Malenovice"]
[Date "2013.09.02"]
[Round "6"]
[White "Tomczak, Marta"]
[Black "Cholakov, Nikolay"]
[Result "1-0"]
[WhiteElo "1188"]
[BlackElo "1506"]
[PlyCount "56"]
[EventDate "2013.08.28"]
[EventType "swiss"]
[EventRounds "9"]
[EventCountry "CZE"]
[SourceTitle "CBM 156 Extra"]
[Source "ChessBase"]
[SourceDate "2013.10.22"]
[SourceVersion "1"]
[SourceVersionDate "2013.10.22"]
[SourceQuality "1"]

1. e4 e5 2. Nf3 Nf6 3. Nxe5 d6 4. Nf3 Nxe4 5. d3 Nf6 6. Nc3 Be7 7. Be2 0-0 8. 0-0 Nc6 9. h3 h6 10. d4 d5 11. Ne5 Be6 12. f4 Ne4 13. Nxe4 dxe4 14. Nxc6 bxc6 15. f5 Bc8 16. Bc4 Bf6 17. c3 Bb7 18. Qg4 Kh8 19. Qxe4 Re8 20. Qg4 Qd7 21. Qh5 Kg8 22. Bxh6 gxh6 23. Qg6+ Kf8 24. Qxf6 Kg8 25. Qxh6 Qd6 26. f6 Qf8 27. Qg5+ Kh8 28. Rf4 Qg8 1-0

[Event "EU Union-ch U10"]
[Site "Malenovice"]
[Date "2013.08.29"]
[Round "2"]
[White "Ginovart, Camille"]
[Black "Tomczak, Marta"]
[Result "1-0"]
[WhiteElo "1536"]
[BlackElo "1188"]
[PlyCount "35"]
[EventDate "2013.08.28"]
[EventType "swiss"]
[EventRounds "9"]
[EventCountry "CZE"]
[SourceTitle "CBM 156 Extra"]
[Source "ChessBase"]
[SourceDate "2013.10.22"]
[SourceVersion "1"]
[SourceVersionDate "2013.10.22"]
[SourceQuality "1"]

1. e4 c5 2. c3 d5 3. exd5 Qxd5 4. d4 Nf6 5. Nf3 Bg4 6. Nbd2 cxd4 7. cxd4 Nc6 8. Bc4 Bxf3 9. Qb3 Qh5 10. Nxf3 b6 11. Be3 e6 12. Bb5 Bb4+ 13. Qxb4 Rc8 14. Rc1 Kd7 15. Ne5+ Kd8 16. Qd6+ Ke8 17. Bxc6+ Rxc6 18. Rxc6 1-0

[Event "POL-ch U10 Girls"]
[Site "Szczyrk"]
[Date "2013.03.04"]
[Round "5"]
[White "Tomczak, Marta"]
[Black "Dadello, Barbara"]
[Result "0-1"]
[WhiteElo "1143"]
[BlackElo "1164"]
[PlyCount "73"]
[EventDate "2013.03.04"]
[EventType "swiss"]
[EventRounds "9"]
[EventCountry "POL"]
[SourceTitle "EXT 2023"]
[Source "ChessBase"]
[SourceDate "2022.10.05"]
[SourceVersion "1"]
[SourceVersionDate "2022.10.05"]
[SourceQuality "1"]

1. e4 d5 2. exd5 Qxd5 3. d4 c5 4. c3 Nf6 5. Nf3 Bg4 6. Be2 Nc6 7. Be3 cxd4 8. cxd4 e6 9. Nc3 Qd6 10. 0-0 Be7 11. h3 Bh5 12. Rc1 0-0 13. Nh4 Bxe2 14. Nxe2 Nd5 15. Qd2 Bxh4 16. Bg5 Bxg5 17. Qxg5 Rac8 18. Rcd1 Ncb4 19. Ng3 Qe7 20. Qg4 Qf6 21. Ne4 Qf4 22. Qe2 Rc2 23. Rd2 Rfc8 24. Rfd1 Rxd2 25. Rxd2 Rc1+ 26. Rd1 Rxd1+ 27. Qxd1 Qxe4 28. Qc1 Qc2 29. Qg5 h6 30. Qc1 Qe4 31. Qd1 Qc2 32. Qg4 Qxb2 33. Qe4 Qxa2 34. f4 b6 35. f5 Nc3 36. Qa8+ Kh7 37. Qe8 0-1